00390 2200169 4500245003200000020002200032250001100054700001800065100001700083650001600100005001900116260002800135041001400163084001100177300002300188336000900211 aSeyogiacHamsan, AmalhText a978-602-52185-2-1 aCet. 1 aShahida Harun aHamsan, Amal aNovel Fiksi a20230120144222 aDepokbHaru Mediac2018 aIndonesia a808.83 a192 hlm. :c19 cm. atext